Pokémon di tipo Coleottero come tipo secondario - Statistics

Statistiche generali
  • Questo quiz è stato fatto 7 volte
  • Il punteggio medio è 6 su 10
Statistiche sulle risposte
Numero Pokédex Nazionale Tipo Tipo Pokémon % Corretto
451 Veleno Coleottero Skorupi
100%
347 Roccia Coleottero Anorith
80%
348 Roccia Coleottero Armaldo
80%
851 Fuoco Coleottero Centiskorch
60%
851 Fuoco Coleottero Centiskorch Gigamax
60%
873 Ghiaccio Coleottero Frosmoth
60%
850 Fuoco Coleottero Sizzlipede
60%
872 Ghiaccio Coleottero Snom
60%
752 Acqua Coleottero Araquanid
40%
751 Acqua Coleottero Dewpider
40%
Nessun quiz corrispondente trovato
Distribuzione punteggi
Percentuale di utenti per punteggio
Percentile per numero di risposta
I tuoi punteggi nel tempo
Non hai fatto questo quiz